Cronistas coloniales. : (Record no. 15878)
[ view plain ]
| 000 -CABECERA | |
|---|---|
| campo de control de longitud fija | 00782cam a22002411 4500 |
| 001 - NÚMERO DE CONTROL | |
| campo de control | 000016343 |
| 005 - FECHA Y HORA DE LA ÚLTIMA TRANSACCIÓN | |
| campo de control | 20200929164400.0 |
| 008 - DATOS DE LONGITUD FIJA--INFORMACIÓN GENERAL | |
| campo de control de longitud fija | 760312s1960 ec 000 0 spa |
| 010 ## - NÚMERO DE CONTROL DE LA BIBLIOTECA DEL CONGRESO | |
| Número de control de LC | 60041558 |
| 035 ## - NÚMERO DE CONTROL DEL SISTEMA | |
| Número de control de sistema | (OCoLC)2047394 |
| 040 ## - FUENTE DE LA CATALOGACIÓN | |
| Centro catalogador/agencia de origen | DO-SdBNP |
| Centro/agencia transcriptor | FU |
| Centro/agencia modificador | DLC |
| 043 ## - CÓDIGO DE ÁREA GEOGRÁFICA | |
| Código de área geográfica | s-ec--- |
| 050 00 - SIGNATURA TOPOGRÁFICA DE LA BIBLIOTECA DEL CONGRESO | |
| Número de clasificación | F3733 |
| Número de documento/Ítem | .C7 |
| 245 00 - MENCIÓN DE TÍTULO | |
| Título | Cronistas coloniales. : |
| Resto del título | [Estudio, biografias y selecciones de J. Roberto Paez]. |
| 260 ## - PUBLICACIÓN, DISTRIBUCIÓN, ETC. | |
| Lugar de publicación, distribución, etc. | Puebla, : |
| Nombre del editor, distribuidor, etc. | J. M. Cajica Jr., |
| Fecha de publicación, distribución, etc. | [1960]. |
| 300 ## - DESCRIPCIÓN FÍSICA | |
| Extensión | 2 v. ; |
| Dimensiones | 22cm. |
| 490 0# - MENCIÓN DE SERIE | |
| Mención de serie | Biblioteca ecuatoriana minima. La colonia y la republica |
| 651 #0 - PUNTO DE ACCESO ADICIONAL DE MATERIA--NOMBRE GEOGRÁFICO | |
| Nombre geográfico | Ecuador |
| Subdivisión general | History |
| Subdivisión cronológica | To 1809. |
| 9 (RLIN) | 36456 |
| 651 #0 - PUNTO DE ACCESO ADICIONAL DE MATERIA--NOMBRE GEOGRÁFICO | |
| Nombre geográfico | South America |
| Subdivisión general | History |
| Subdivisión cronológica | To 1806. |
| 9 (RLIN) | 17891 |
| 650 #0 - PUNTO DE ACCESO ADICIONAL DE MATERIA--TÉRMINO DE MATERIA | |
| Término de materia o nombre geográfico como elemento de entrada | Historians. |
| 9 (RLIN) | 36457 |
| 700 1# - PUNTO DE ACCESO ADICIONAL--NOMBRE DE PERSONA | |
| Nombre de persona | Paez, Jose Roberto, |
| Término indicativo de función/relación | ed. |
| 9 (RLIN) | 36458 |
| 910 ## - DATOS DE OPCIÓN DEL USUARIO (OCLC) | |
| Datos de opción del usuario | Catalogación derivada |
| Estado de retiro | Estado de pérdida | Restricciones de uso | No para préstamo | Código de colección | Localización permanente | Ubicación/localización actual | Ubicación en estantería | Fecha de adquisición | Número de inventario | Total de préstamos | Signatura topográfica completa | Código de barras | Fecha visto por última vez | Precio válido a partir de | Tipo de ítem Koha |
|---|---|---|---|---|---|---|---|---|---|---|---|---|---|---|---|
| Préstamo restrigido | Monografías: Libros y Folletos | General | General | En encuadernación | 03.03.2010 | LF1 | t.1 | 16343-10 | 25.06.2020 | 25.06.2020 | No se presta | ||||
| Préstamo restrigido | Monografías: Libros y Folletos | General | General | En encuadernación | 03.03.2010 | LF1 | t.2 | 16343-20 | 25.06.2020 | 25.06.2020 | No se presta |
